Vista normal
Vista MARC
Entrada Topical Term
Número de registros utilizados en: 1
001 - CONTROL NUMBER
- control field: 39123
003 - CONTROL NUMBER IDENTIFIER
- control field: OSt
005 - DATE AND TIME OF LATEST TRANSACTION
- control field: 20210805154707.0
008 - FIXED-LENGTH DATA ELEMENTS
- fixed length control field: 210805|| aca||aabn | a|a d
040 ## - CATALOGING SOURCE
- Original cataloging agency: OSt
- Transcribing agency: OSt
150 ## - HEADING--TOPICAL TERM
- Topical term or geographic name entry element: Banks and banking, International
670 ## - SOURCE DATA FOUND
- Source citation: Work cat.: (OSt)12104: Andrew P. Morriss, autor 39121, Offshore financial centers and regulatory competition /, 2010.